Statystyki dla 5 Losowych Państw Europy Według Granic

Kliknij tutaj aby rozwiązać quiz!

Ogólne statystyki

  • Ten quiz został rozwiązany 58 razy
  • Średni wynik to 4 z 5

Statystyki odpowiedzi

Państwa GraniczącePaństwa% Poprawnych
Holandia, Niemcy, Luksemburg, FrancjaBelgia
100%
Polska, Słowacja, Austria, NiemcyCzechy
100%
Rosja, ŁotwaEstonia
100%
Albania, Macedonia, Bułgaria, TurcjaGrecja
100%
Niemcy, BelgiaHolandia / Niderlandy
100%
Wielka BrytaniaIrlandia
100%
-Islandia
100%
Serbia, Macedonia, Albania, CzarnogóraKosowo
100%
Austria, SzwajcariaLiechtenstein
100%
Łotwa, Białoruś, Polska, RosjaLitwa
100%
Serbia, Bułgaria, Grecja, AlbaniaMacedonia / Mp
100%
Szwecja, Finlandia, RosjaNorwegia
100%
Rosja, Litwa, Białoruś, Ukraina, Słowacja, Czechy, NiemcyPolska
100%
HiszpaniaPortugalia
100%
Norwegia, Finlandia, Estonia, Łotwa, Białoruś, Ukraina, Gruzja, Litwa, PolskaRosja
100%
WłochySan Marino / SM
100%
Polska, Ukraina, Węgry, Austria, CzechySłowacja
100%
Niemcy, Austria, Liechtenstein, Włochy, FrancjaSzwajcaria
100%
Norwegia, FinlandiaSzwecja
100%
Grecja, BułgariaTurcja
100%
Rosja, Rumunia, Mołdawia, Węgry, Słowacja, Polska, BiałoruśUkraina
100%
WłochyWatykan
100%
IrlandiaWielka Brytania / Wb
100%
Czarnogóra, Kosowo, Macedonia, GrecjaAlbania
83%
Czechy, Słowacja, Węgry, Słowenia, Włochy, Szwajcaria, Liechtenstein, NiemcyAustria
80%
Rosja, Ukraina, Polska, Litwa, ŁotwaBiałoruś
80%
Bośnia, Serbia, Kosowo, Albania,Czarnogóra
80%
Ukraina, RumuniaMołdawia
80%
Włochy, Austria, Węgry, ChorwacjaSłowenia
80%
Watykan, San Marino, Francja, Szwajcaria, Austria, SłoweniaWłochy
80%
Belgia, Luksemburg, Niemcy, Szwajcaria, Włochy, Monako, Andora, HiszpaniaFrancja
75%
Estonia, Rosja, Białoruś, LitwaŁotwa
75%
Belgia, Francja, NiemcyLuksemburg
75%
Ukraina, Mołdawia, Bułgaria, Serbia, WęgryRumunia
75%
Chorwacja, Czarnogóra, SerbiaBośnia / BIH
71%
Rumunia, Turcja, Grecja, Macedonia, SerbiaBułgaria
67%
NiemcyDania
67%
Rosja, Norwegia, SzwecjaFinlandia
67%
-Malta
67%
FrancjaMonako
67%
Słowenia, Węgry, Serbia, CzarnogóraChorwacja
56%
Dania, Polska, Czechy, Austria, Szwajcaria, Francja, Luksemburg, Belgia, HolandiaNiemcy
50%
Węgry, Rumunia, Bułgaria, Macedonia, Kosowo, Czarnogóra, Bośnia, ChorwacjaSerbia
50%
Słowacja, Ukraina, Rumunia, Serbia, Chorwacja, Słowenia, AustriaWęgry
50%
Hiszpania, FrancjaAndora
0%
Portugalia, Francja, AndoraHiszpania
0%

Rozkład punktacji

Percentyl według liczby udzielonych odpowiedzi

Procent ludzi z każdym wynikiem

Twoja historia wyników

Nie rozwiązałeś tego quizu